书目信息 |
| 题名: |
自然环境灾害及其防御
|
|
| 作者: | 刘晓艳 , 钱光人 主编 | |
| 分册: | ||
| 出版信息: | 北京 中国石化出版社 2015.01 |
|
| 页数: | 248页 | |
| 开本: | 26cm | |
| 丛书名: | ||
| 单 册: | ||
| 中图分类: | X43 | |
| 科图分类: | ||
| 主题词: | 自然灾害--zi ran zai hai--灾害防治--高等教育--教材 | |
| 电子资源: | ||
| ISBN: | 978-7-5114-3031-1 | |
| 000 | 01018nam0 2200265 450 | |
| 001 | 2329448362 | |
| 005 | 20231120081101.36 | |
| 010 | @a978-7-5114-3031-1@dCNY40.00 | |
| 099 | @aCAL 012015010739 | |
| 100 | @a20150113d2015 em y0chiy50 ea | |
| 101 | 0 | @achi |
| 102 | @aCN@b110000 | |
| 105 | @aa a 000yy | |
| 200 | 1 | @a自然环境灾害及其防御@Azi ran huan jing zai hai ji qi fang yu@f刘晓艳, 钱光人主编 |
| 210 | @a北京@c中国石化出版社@d2015.01 | |
| 215 | @a248页@c图@d26cm | |
| 320 | @a有书目 (第245-248页) | |
| 330 | @a本书围绕影响人类生存发展的自然环境灾害, 着重介绍地震灾害、火山灾害、山地灾害、地面变形灾害、干旱与风沙灾害等各种常见自然环境灾害的类型、发生基础、成因机制、危害与影响以及预防和减轻自然环境灾害的方法与技术措施。 | |
| 333 | @a普通高等教育“十二五”规划教材 | |
| 606 | 0 | @a自然灾害@Azi ran zai hai@x灾害防治@x高等教育@j教材 |
| 690 | @aX43@v5 | |
| 701 | 0 | @a刘晓艳@Aliu xiao yan@4主编 |
| 701 | 0 | @a钱光人@Aqian guang ren@4主编 |
| 801 | 0 | @aCN@b人天书店@c20150113 |
| 905 | @aBZT@dX43@e13 | |
| 自然环境灾害及其防御/刘晓艳, 钱光人主编.-北京:中国石化出版社,2015.01 |
| 248页:图;26cm |
| 使用对象:普通高等教育“十二五”规划教材 |
| ISBN 978-7-5114-3031-1:CNY40.00 |
| 本书围绕影响人类生存发展的自然环境灾害, 着重介绍地震灾害、火山灾害、山地灾害、地面变形灾害、干旱与风沙灾害等各种常见自然环境灾害的类型、发生基础、成因机制、危害与影响以及预防和减轻自然环境灾害的方法与技术措施。 |
| ● |
| 相关链接 |
|
|
|
正题名:自然环境灾害及其防御
索取号:X43/13
 
预约/预借
| 序号 | 登录号 | 条形码 | 馆藏地/架位号 | 状态 | 备注 |
| 1 | 2001069220 | 2001069220 | 东辅楼二楼书库/ [索取号:X43/13] | 在馆 | |
| 2 | 2001069221 | 2001069221 | 东辅楼二楼书库/ [索取号:X43/13] | 在馆 | |
| 3 | 2001069222 | 2001069222 | 东辅楼二楼书库/ [索取号:X43/13] | 在馆 | |
| 4 | 2001069223 | 2001069223 | 东辅楼二楼书库/ [索取号:X43/13] | 在馆 | |
| 5 | 2001069224 | 2001069224 | 东辅楼二楼书库/ [索取号:X43/13] | 在馆 | |
| 6 | 2001069225 | 2001069225 | 东辅楼二楼书库/ [索取号:X43/13] | 在馆 | |
| 7 | 2001069226 | 2001069226 | 东辅楼二楼书库/ [索取号:X43/13] | 在馆 | |
| 8 | 2001069227 | 2001069227 | 东辅楼二楼书库/ [索取号:X43/13] | 在馆 | |
| 9 | 2001069228 | 2001069228 | 东辅楼二楼书库/ [索取号:X43/13] | 在馆 | |
| 10 | 2001069229 | 2001069229 | 东辅楼二楼书库/ [索取号:X43/13] | 在馆 | |
| 11 | 2001069230 | 2001069230 | 东辅楼二楼书库/ [索取号:X43/13] | 在馆 | |
| 12 | 2001069231 | 2001069231 | 东辅楼二楼书库/ [索取号:X43/13] | 在馆 | |
| 13 | 2001069232 | 2001069232 | 东辅楼二楼书库/ [索取号:X43/13] | 在馆 | |
| 14 | 2001069233 | 2001069233 | 东辅楼二楼书库/ [索取号:X43/13] | 在馆 | |
| 15 | 2001069234 | 2001069234 | 东辅楼二楼书库/ [索取号:X43/13] | 在馆 | |
| 16 | 2001069235 | 2001069235 | 东辅楼二楼书库/ [索取号:X43/13] | 在馆 | |
| 17 | 2001069236 | 2001069236 | 东辅楼二楼书库/ [索取号:X43/13] | 在馆 | |
| 18 | 2001069237 | 2001069237 | 东辅楼二楼书库/ [索取号:X43/13] | 在馆 | |
| 19 | 2001069238 | 2001069238 | 东辅楼二楼书库/ [索取号:X43/13] | 在馆 | |
| 20 | 2001069239 | 2001069239 | 东辅楼二楼书库/ [索取号:X43/13] | 在馆 | |
| 21 | 2001069240 | 2001069240 | 东辅楼二楼书库/ [索取号:X43/13] | 在馆 | |
| 22 | 2001069241 | 2001069241 | 东辅楼二楼书库/ [索取号:X43/13] | 在馆 | |
| 23 | 2001069242 | 2001069242 | 东辅楼二楼书库/ [索取号:X43/13] | 在馆 | |
| 24 | 2001069243 | 2001069243 | 东辅楼二楼书库/ [索取号:X43/13] | 在馆 | |
| 25 | 2001069244 | 2001069244 | 东辅楼二楼书库/ [索取号:X43/13] | 在馆 | |
| 26 | 2001069245 | 2001069245 | 东辅楼二楼书库/ [索取号:X43/13] | 在馆 | |
| 27 | 2001069246 | 2001069246 | 东辅楼二楼书库/ [索取号:X43/13] | 在馆 | |
| 28 | 2001069247 | 2001069247 | 东辅楼二楼书库/ [索取号:X43/13] | 在馆 | |
| 29 | 2001069248 | 2001069248 | 东辅楼二楼书库/ [索取号:X43/13] | 在馆 | |
| 30 | 2001069249 | 2001069249 | 东辅楼二楼书库/ [索取号:X43/13] | 在馆 |